Statistics for Notable Companies by Acronym

Click here to take the quiz!

General Stats

  • This quiz has been taken 40 times
  • The average score is 6 of 15

Answer Stats

HintAnswer% Correct
NYSENew York Stock Exchange
97%
NFLNational Football League
87%
WWEWorld Wrestling Entertainment
77%
AOLAmerica Online
77%
MGMMetro Goldwyn Mayer
52%
IBMInternational Business Machines
48%
PBSPublic Broadcasting Service
45%
FEMAFederal Emergency Management Agency
35%
AT&TAmerican Telephone and Telegraph
29%
CBSColumbia Broadcasting System
26%
AFNAmerican Forces Network
13%
LGLucky Goldstar
13%
AVGAnti Virus Guard
13%
IMAXImage Maximum
10%
REIRecreational Equipment Inc
10%

Score Distribution

Percentile by Number Answered

Percent of People with Each Score

Your Score History

You have not taken this quiz